'A'-Less European Capitals Quiz Stats

 Plays Quiz not verified by Sporcle

Challenge
Share
Tweet
Embed
Score 0/16 Timer 03:00
0 Plays Today
Capital % Correct
London
95.4%
Berlin
92.7%
Rome
92.5%
Oslo
92.3%
Lisbon
91.3%
Stockholm
88.9%
Helsinki
88%
Dublin
84.8%
Capital % Correct
Moscow
84.8%
Bern
82.4%
Brussels
82.1%
Kiev
78.1%
Luxembourg
76%
Minsk
71%
Vilnius
63.3%
Skopje
57.5%

You're not logged in!

Compare scores with friends on all Sporcle quizzes.
OR
Log In

You Might Also Like...

Show Comments

Extras

Top Quizzes Today


Score Distribution

Your Account Isn't Verified!

In order to create a playlist on Sporcle, you need to verify the email address you used during registration. Go to your Sporcle Settings to finish the process.

Report this User

Report this user for behavior that violates our Community Guidelines.

Details: